5HLuxD.jpg

KING HENRY VIII SENIOR AND PRIMARY SCHOOL LIBRARY OPAC

DIARY OF AN ACCIDENTAL WITCH/STAGE FREIGHT (Record no. 5399)

000 -LEADER
fixed length control field 00402nam a22001217a 4500
008 - FIXED-LENGTH DATA ELEMENTS--GENERAL INFORMATION
fixed length control field 250910b ||||| |||| 00| 0 eng d
020 ## - INTERNATIONAL STANDARD BOOK NUMBER
International Standard Book Number 9781788956086
082 ## - DEWEY DECIMAL CLASSIFICATION NUMBER
Classification number 823.92 CAR
100 ## - MAIN ENTRY--PERSONAL NAME
Personal name CARGILL,PERDITA
Relator term AUTHOR
Language of a work ENGLISH
245 ## - TITLE STATEMENT
Title DIARY OF AN ACCIDENTAL WITCH/STAGE FREIGHT
260 ## - PUBLICATION, DISTRIBUTION, ETC.
Place of publication, distribution, etc. 1 CODA STUDIOS,189 MUNSTER ROAD,LONDON SW6 6AW
Name of publisher, distributor, etc. AN IMPRINT OF LITTLE TIGER PRESS LIMITED
Date of publication, distribution, etc. 2023
942 ## - ADDED ENTRY ELEMENTS (KOHA)
Source of classification or shelving scheme
Holdings
Withdrawn status Lost status Source of classification or shelving scheme Damaged status Not for loan Collection code Permanent Location Current Location Shelving location Date acquired Full call number Barcode Date last seen Price effective from Public note
          Fiction KH8 Primary School Library KH8 Primary School Library Fiction 2026-02-23 823.92 CAR KHPL000008322 2026-02-23 2026-02-23 PRIMARY LIBRARY

Powered By KH8 IT Dept